Gaming Quiz

Random Gaming Quiz

Clash of Clans Quiz Stats

 Plays Quiz not verified by Sporcle

Support Sporcle.
Go Orange.
Score 0/74 Timer 08:00
0 Plays Today
Hint Things % Correct
TroopsArcher
97.2%
DefensesCannon
95.1%
DefensesArcher Tower
93.1%
TroopsWizard
90.7%
Troops Barbarian
89.9%
TroopsGiant
88.7%
TrapsBomb
88.1%
DefensesWizard Tower
84%
DefensesWall
83.8%
DefensesMortar
83.6%
TroopsDragon
81.7%
HeroesArcher Queen
81.6%
HeroesBarbarian King
81.5%
TroopsGoblin
80.9%
TrapsSpring Trap
79.7%
Dark TroopsMinion
78%
Dark TroopsHog Rider
77.7%
DefensesInferno Tower
77.6%
ResourcesGold Mine
77.6%
TroopsP.E.K.K.A
77%
Dark TroopsGolem
75.5%
TroopsWall Breaker
75.4%
TroopsHealer
74.9%
SpellsRage Spell
74.3%
DefensesAir Defense
74%
DefensesX-Bow
73.7%
Dark TroopsWitch
73.6%
TrapsGiant Bomb
73.3%
TroopsBalloon
73.1%
ResourcesGold Storage
72.6%
SpellsLightning Spell
72%
DefensesHidden Tesla
71.9%
TroopsBaby Dragon
70.4%
Dark SpellsSkeleton Spell
70.4%
ResourcesElixir Storage
70.3%
SpellsJump Spell
69.1%
ResourcesElixir Collector
68%
Hint Things % Correct
HeroesGrand Warden
67.4%
SpellsFreeze Spell
66.5%
Dark TroopsValkyrie
65.7%
ArmyBarracks
65.6%
TroopsMiner
65.6%
TrapsAir Bomb
65.5%
SpellsHealing Spell
65.1%
Army Army Camp
65%
Dark SpellsPoison Spell
64.7%
ResourcesDark Elixir Drill
64.4%
ResourcesDark Elixir Storage
64.3%
Dark SpellsEarthquake Spell
64%
Dark Troops Lava Hound
62.6%
Dark TroopsBowler
60.3%
DefensesEagle Artillery
60.2%
TrapsSeeking Air Mine
60.2%
ResourcesTown Hall
59.8%
Army Dark Barracks
56.1%
Dark SpellsHaste Spell
54.9%
Army Spell Factory
52.4%
ResourcesClan Castle
51.7%
SpellsClone Spell
50.9%
DefensesAir Sweeper
49.3%
TrapsSkeleton Trap
49.2%
Army Laboratory
43%
OthersBuilder's Hut
35.5%
Troops*Ice Wizard
23.4%
OthersDecorations
16.1%
Spells*Santa's Surprise
13.7%
OthersObstacles
13%
ResourcesLoot Cart
12.4%
Army Barbarian King Altar
11.3%
Army Archer Queen Altar
11%
Traps*Freeze Trap
9.4%
ArmyGrand Warden Altar
9.1%
Traps*Santa Strike
8.7%
Traps*Pumpkin Bomb
8.6%

You're not logged in!

Compare scores with friends on all Sporcle quizzes.
OR
Log In

From the Vault

NHL MVPs

by Ben

This list is like Stars on Ice, but with a stick, a helmet...and less teeth.
Remove Ads.
Support Sporcle.
Get the best of Sporcle when you Go Orange. This ad-free experience offers more features, more stats, and more fun while also helping to support Sporcle. Thank you for becoming a member.

Show Comments

Extras

Created Sep 14, 2013ReportNominate
Tags:clan, clash

Top Quizzes Today


Score Distribution

Your Account Isn't Verified!

In order to create a playlist on Sporcle, you need to verify the email address you used during registration. Go to your Sporcle Settings to finish the process.

Report this User

Report this user for behavior that violates our Community Guidelines.

Details: